[Event "Joacaba op 2nd"]
[Site "Joacaba"]
[Date "2023.07.02"]
[Round "5"]
[White "Peroza, Eduardo Antunes"]
[Black "Mariani, Kim Paul"]
[Result "1-0"]
[WhiteElo "2054"]
[BlackElo "1539"]
[PlyCount "100"]
[EventDate "2023.06.30"]
[EventType "swiss"]
[EventRounds "6"]
[EventCountry "BRA"]
[SourceTitle "CBM 215 Extra"]
[Source "ChessBase"]
[SourceDate "2023.09.30"]
[SourceVersion "1"]
[SourceVersionDate "2023.09.30"]
[SourceQuality "1"]

1. e4 c5 2. Nf3 a6 3. c4 e6 4. Nc3 Qc7 5. d4 cxd4 6. Nxd4 Nf6 7. Nc2 Nc6 8. Be2 Ne5 9. b3 b5 10. Bf4 Bd6 11. 0-0 bxc4 12. bxc4 Bb7 13. Nd4 Nxe4 14. Rc1 Nxc3 15. Rxc3 0-0 16. c5 Nf3+ 17. Bxf3 Bxf4 18. Bxb7 Qxb7 19. Nb3 Rfd8 20. Qd4 Qc7 21. Rh3 d5 22. cxd6 Bxd6 23. Qe4 h6 24. Rc1 Qe7 25. Rhc3 Rab8 26. g3 Ba3 27. R1c2 Bd6 28. Kg2 Qb7 29. Qxb7 Rxb7 30. Rd2 Rbb8 31. Rc6 Be5 32. Rxd8+ Rxd8 33. Rxa6 Kf8 34. Ra7 Bd6 35. Kf3 Rc8 36. Rd7 Be5 37. Ke3 Ra8 38. Rd2 Ke7 39. Rc2 Kd6 40. f4 Bf6 41. Nd2 Ra6 42. Ke4 Ra4+ 43. Kd3 Kd5 44. Nb3 Ra3 45. Rc5+ Kd6 46. Ra5 Rxa5 47. Nxa5 Kc5 48. Nc4 Be7 49. a4 Kb4 50. Ne5 f6 1-0

[Event "Joacaba op 2nd"]
[Site "Joacaba"]
[Date "2023.07.01"]
[Round "4"]
[White "Volkmann, Andre Jordi"]
[Black "Peroza, Eduardo Antunes"]
[Result "1/2-1/2"]
[WhiteElo "2099"]
[BlackElo "2054"]
[PlyCount "117"]
[EventDate "2023.06.30"]
[EventType "swiss"]
[EventRounds "6"]
[EventCountry "BRA"]
[SourceTitle "CBM 215 Extra"]
[Source "ChessBase"]
[SourceDate "2023.09.30"]
[SourceVersion "1"]
[SourceVersionDate "2023.09.30"]
[SourceQuality "1"]

1. Nf3 c5 2. b3 Nc6 3. Bb2 Qc7 4. c4 e5 5. Nc3 Nge7 6. g3 d6 7. Bg2 g6 8. Ng5 a6 9. Nd5 Nxd5 10. Bxd5 Nd8 11. f4 Be7 12. 0-0 Bxg5 13. fxg5 Qe7 14. Rf6 h6 15. e3 hxg5 16. Qf3 Bf5 17. Rxf5 gxf5 18. Qxf5 Rh6 19. Rf1 f6 20. d4 Qd7 21. Qe4 cxd4 22. exd4 Nc6 23. Qe2 0-0-0 24. Bf3 Ne7 25. dxe5 dxe5 26. Ba3 Qd4+ 27. Kh1 Nc6 28. Bc1 Rdh8 29. Rf2 Qd6 30. Bd5 Nd4 31. Qe4 Qc7 32. Be3 Nc6 33. Kg1 Kb8 34. h4 Nd4 35. hxg5 Rh1+ 36. Qxh1 Rxh1+ 37. Kxh1 Qh7+ 38. Kg2 fxg5 39. Rf8+ Ka7 40. Rf7 Qc2+ 41. Kh3 a5 42. Rxb7+ Ka6 43. Rg7 Qf5+ 44. Kg2 g4 45. Rg5 Qc2+ 46. Bf2 Nf3 47. Rh5 Qd2 48. Rh7 Nd4 49. Re7 Qe2 50. a4 Kb6 51. Rb7+ Kc5 52. Rb5+ Kd6 53. Rxa5 e4 54. Ra6+ Kd7 55. Ra7+ Kd6 56. Ra6+ Ke7 57. Ra7+ Kd6 58. Ra6+ Ke7 59. Ra7+ 1/2-1/2

[Event "Florianopolis op 9th"]
[Site "Florianopolis"]
[Date "2023.01.27"]
[Round "7"]
[White "Ribeiro Carrico, Victor Hugo"]
[Black "Peroza, Eduardo Antunes"]
[Result "0-1"]
[WhiteElo "1737"]
[BlackElo "2053"]
[PlyCount "58"]
[EventDate "2023.01.23"]
[EventType "swiss"]
[EventRounds "10"]
[EventCountry "BRA"]
[SourceTitle "CBM 212 Extra"]
[Source "ChessBase"]
[SourceDate "2023.03.31"]
[SourceVersion "1"]
[SourceVersionDate "2023.03.31"]
[SourceQuality "1"]

1. e4 c5 2. Nf3 e6 3. c4 a6 4. Nc3 b6 5. Be2 Bb7 6. d4 cxd4 7. Nxd4 Qc7 8. Bg5 Nf6 9. Bxf6 gxf6 10. Rc1 Rg8 11. Bf3 Qe5 12. 0-0 h5 13. Nf5 Nc6 14. Bxh5 exf5 15. exf5 0-0-0 16. Nd5 Bc5 17. Rc3 Kb8 18. h3 Qxf5 19. Bxf7 Rg7 20. Bh5 Qg5 21. Qg4 Rdg8 22. Qxg5 Rxg5 23. Nxf6 Rxg2+ 24. Kh1 Nd4 25. f3 R8g7 26. Nxd7+ Kc7 27. Nxc5 bxc5 28. Bg4 Rxb2 29. a3 Ne2 0-1

[Event "Concordia op 6th"]
[Site "Concordia"]
[Date "2022.10.13"]
[Round "4"]
[White "Moyses Sobrinho, Elias"]
[Black "Peroza, Eduardo Antunes"]
[Result "1/2-1/2"]
[WhiteElo "1848"]
[BlackElo "2117"]
[PlyCount "149"]
[EventDate "2022.10.12"]
[EventType "swiss"]
[EventRounds "9"]
[EventCountry "BRA"]
[SourceTitle "CBM 210 Extra"]
[Source "ChessBase"]
[SourceDate "2022.11.30"]
[SourceVersion "1"]
[SourceVersionDate "2022.11.30"]
[SourceQuality "1"]

1. d4 Nf6 2. c4 e6 3. Nc3 Bb4 4. Qc2 c5 5. e3 0-0 6. Bd2 cxd4 7. exd4 d5 8. Nf3 b6 9. a3 Be7 10. cxd5 Nxd5 11. Bd3 f5 12. Nxd5 Qxd5 13. Bc4 Qb7 14. Qb3 Kh8 15. 0-0 Nc6 16. Bxe6 Bxe6 17. Qxe6 Bf6 18. Bc3 Rae8 19. Qd5 Rd8 20. Qc4 b5 21. Qd3 Rd5 22. Rad1 a5 23. b4 axb4 24. axb4 g5 25. Qe3 f4 26. Qe4 Qd7 27. h3 Re8 28. Qd3 Rg8 29. Qe2 Rd8 30. Rfe1 Kg7 31. Ra1 Ne7 32. Qe6 Rc8 33. Ra6 Qxe6 34. Rexe6 Ng8 35. Rac6 Rxc6 36. Rxc6 Ne7 37. Rc7 Kf7 38. g4 fxg3 39. fxg3 h5 40. Kf2 Ke6 41. g4 hxg4 42. hxg4 Rd6 43. Rc5 Nd5 44. Bd2 Rb6 45. Bxg5 Nxb4 46. Bxf6 Kxf6 47. Ke3 Na6 48. Rh5 Kg7 49. Nd2 Nc7 50. d5 Rg6 51. Kf4 Rd6 52. Ke4 Rg6 53. Kf4 Rd6 54. Rg5+ Kf7 55. Ke4 Kf6 56. Rf5+ Kg6 57. Nf3 Ne8 58. Ne5+ Kg7 59. g5 b4 60. Rf7+ Kg8 61. Rb7 Ra6 62. Rb8 Kf8 63. Rxb4 Nd6+ 64. Kd4 Nf5+ 65. Kc5 Ra5+ 66. Rb5 Ra1 67. Rb8+ Ke7 68. Rb7+ Ke8 69. g6 Rc1+ 70. Nc4 Rxc4+ 71. Kxc4 Nd6+ 72. Kc5 Nxb7+ 73. Kc6 Na5+ 74. Kd6 Kf8 75. Ke6 1/2-1/2

[Event "Titled Tuesday intern op 23rd Aug Late"]
[Site "Chess.com INT"]
[Date "2022.08.23"]
[Round "6"]
[White "Peroza, Eduardo Antunes"]
[Black "Hartikainen, Jarmo"]
[Result "1-0"]
[WhiteElo "2103"]
[BlackElo "2133"]
[PlyCount "43"]
[EventDate "2022.08.23"]
[EventType "swiss (blitz)"]
[EventRounds "11"]
[EventCountry "USA"]
[SourceTitle "EXT 2023"]
[Source "ChessBase"]
[SourceDate "2022.10.05"]
[SourceVersion "1"]
[SourceVersionDate "2022.10.05"]
[SourceQuality "1"]

1. e4 c5 2. Nf3 d6 3. c4 Nf6 4. Nc3 g6 5. d4 cxd4 6. Nxd4 Bg7 7. f3 Nc6 8. Be3 0-0 9. Qd2 a5 10. g4 a4 11. h4 a3 12. b3 Nxd4 13. Bxd4 Qa5 14. Be2 Be6 15. Kf2 h5 16. g5 Nd7 17. Bxg7 Kxg7 18. Rhd1 Ne5 19. Nb5 Qxd2 20. Rxd2 f6 21. Nc7 Bg8 22. Nxa8 1-0

[Event "Titled Tuesday intern op 23rd Aug Late"]
[Site "Chess.com INT"]
[Date "2022.08.23"]
[Round "4"]
[White "Peroza, Eduardo Antunes"]
[Black "Kuchava, Ana"]
[Result "0-1"]
[WhiteElo "2103"]
[BlackElo "2101"]
[PlyCount "56"]
[EventDate "2022.08.23"]
[EventType "swiss (blitz)"]
[EventRounds "11"]
[EventCountry "USA"]
[SourceTitle "EXT 2023"]
[Source "ChessBase"]
[SourceDate "2022.10.05"]
[SourceVersion "1"]
[SourceVersionDate "2022.10.05"]
[SourceQuality "1"]

1. e4 c5 2. Nf3 d6 3. d4 cxd4 4. Nxd4 Nf6 5. Nc3 Nc6 6. h3 g6 7. g4 Bg7 8. Be3 a6 9. Bg2 Ne5 10. b3 Qa5 11. Qd2 Bd7 12. Nce2 Qxd2+ 13. Kxd2 Rc8 14. c4 Nc6 15. Nxc6 Bxc6 16. Nc3 Nd7 17. Rac1 h5 18. Bf3 Ne5 19. Be2 h4 20. Rhd1 Nd7 21. Nd5 e6 22. Nc3 Bxc3+ 23. Kxc3 Bxe4 24. Rxd6 Bg2 25. Rcd1 Nf6 26. Bg5 Ne4+ 27. Kc2 Nxg5 28. f4 Ne4 0-1

[Event "Titled Tuesday intern op 23rd Aug Late"]
[Site "Chess.com INT"]
[Date "2022.08.23"]
[Round "2"]
[White "Peroza, Eduardo Antunes"]
[Black "Lorenzo de la Riva, Lazaro"]
[Result "0-1"]
[WhiteElo "2103"]
[BlackElo "2430"]
[PlyCount "130"]
[EventDate "2022.08.23"]
[EventType "swiss (blitz)"]
[EventRounds "11"]
[EventCountry "USA"]
[SourceTitle "EXT 2023"]
[Source "ChessBase"]
[SourceDate "2022.10.05"]
[SourceVersion "1"]
[SourceVersionDate "2022.10.05"]
[SourceQuality "1"]

1. e4 e6 2. d3 d5 3. Nd2 c5 4. g3 Nc6 5. Bg2 Nf6 6. Ngf3 g6 7. 0-0 Bg7 8. Re1 0-0 9. c3 a5 10. Qe2 b6 11. h4 Ba6 12. e5 Nd7 13. Nf1 Ndxe5 14. Nxe5 Nxe5 15. Rd1 Rc8 16. Bf4 Nc6 17. Qd2 Re8 18. Bh6 Bh8 19. Bg5 f6 20. Bh6 Ne5 21. Qe2 Nf7 22. Bc1 e5 23. h5 f5 24. hxg6 hxg6 25. g4 f4 26. Qc2 Qg5 27. Nh2 Rcd8 28. b3 Bb7 29. Qe2 Rd7 30. c4 d4 31. Bxb7 Rxb7 32. Qf3 Rbe7 33. Qh3 Qf6 34. Nf3 Ng5 35. Nxg5 Qxg5 36. f3 Rh7 37. Qg2 Bf6 38. Bd2 Kg7 39. Kf2 Reh8 40. Rh1 Rxh1 41. Rxh1 Rxh1 42. Qxh1 Qh4+ 43. Qxh4 Bxh4+ 44. Kg2 Kf6 45. a4 Kg5 46. Kh3 Bf2 47. Kg2 Bg3 48. Bc1 Be1 49. Kf1 Bc3 50. Kg2 Kh4 51. Ba3 Kg5 52. Bc1 Kf6 53. Ba3 g5 54. Bc1 Ke6 55. Ba3 Kd6 56. Bc1 e4 57. fxe4 Ke5 58. Kf3 Be1 59. Ba3 Bd2 60. Bc1 Bxc1 61. Kg2 f3+ 62. Kxf3 Be3 63. Kg3 Bf4+ 64. Kf3 Bh2 65. b4 axb4 0-1

[Event "Titled Tuesday intern op 16th Aug Late"]
[Site "Chess.com INT"]
[Date "2022.08.16"]
[Round "11"]
[White "Peroza, Eduardo Antunes"]
[Black "Fernandez Hernandez, Gerardo"]
[Result "1-0"]
[WhiteElo "2103"]
[BlackElo "2169"]
[PlyCount "77"]
[EventDate "2022.08.16"]
[EventType "swiss (blitz)"]
[EventRounds "11"]
[EventCountry "USA"]
[SourceTitle "EXT 2023"]
[Source "ChessBase"]
[SourceDate "2022.10.05"]
[SourceVersion "1"]
[SourceVersionDate "2022.10.05"]
[SourceQuality "1"]

1. e4 e6 2. d4 d5 3. Nd2 Nc6 4. Ngf3 Nf6 5. e5 Nd7 6. Bb5 f6 7. 0-0 Be7 8. Re1 0-0 9. Nf1 fxe5 10. Nxe5 Ncxe5 11. dxe5 a6 12. Bd3 Qe8 13. c3 Qf7 14. Qc2 Qh5 15. Ng3 Qh4 16. Nf1 Nc5 17. g3 Nxd3 18. gxh4 Nxe1 19. Qe2 Nf3+ 20. Kh1 Bxh4 21. Ng3 Bd7 22. Be3 Bb5 23. Qc2 Nxe5 24. Bd4 Nf3 25. Nh5 e5 26. Be3 d4 27. cxd4 exd4 28. Bd2 Bc6 29. Qc4+ Kh8 30. Bf4 Nd2+ 31. Qxc6 bxc6 32. Bxd2 Rxf2 33. Bb4 Rxb2 34. Bc5 Rd2 35. Rg1 Rg8 36. Nf4 Bf6 37. Rg4 Re8 38. Ng2 Ree2 39. h4 1-0

[Event "Titled Tuesday intern op 09th Aug Late"]
[Site "Chess.com INT"]
[Date "2022.08.09"]
[Round "10"]
[White "Peroza, Eduardo Antunes"]
[Black "Ozalp, Burak"]
[Result "0-1"]
[WhiteElo "2103"]
[BlackElo "2206"]
[PlyCount "90"]
[EventDate "2022.08.09"]
[EventType "swiss (blitz)"]
[EventRounds "11"]
[EventCountry "USA"]
[SourceTitle "EXT 2023"]
[Source "ChessBase"]
[SourceDate "2022.10.05"]
[SourceVersion "1"]
[SourceVersionDate "2022.10.05"]
[SourceQuality "1"]

1. e4 g6 2. Bc4 Bg7 3. Nc3 d6 4. Nge2 Nf6 5. 0-0 0-0 6. d4 Nxe4 7. Nxe4 d5 8. Bd3 dxe4 9. Bxe4 Nd7 10. g3 Rb8 11. c3 b6 12. Bf4 Nf6 13. Bg2 Nd5 14. Bd2 Bb7 15. Qa4 a6 16. Rad1 b5 17. Qb3 e6 18. Qc2 Qe7 19. b3 c5 20. c4 bxc4 21. bxc4 Nb4 22. Bxb4 cxb4 23. Bxb7 Qxb7 24. Rd3 a5 25. Qa4 Ra8 26. f3 Rfd8 27. Rc1 f5 28. Kg2 e5 29. d5 e4 30. Rdd1 Qe7 31. Qb3 a4 32. Qe3 exf3+ 33. Kxf3 Qb7 34. Qe6+ Kh8 35. Nd4 Re8 36. Qc6 Qa7 37. Ne6 b3 38. c5 b2 39. Rc2 a3 40. Nxg7 Qxg7 41. d6 Qe5 42. Qd5 Qxd5+ 43. Rxd5 b1Q 44. Rcd2 Qh1+ 45. Kf2 Qe1+ 0-1

[Event "Florianopolis Winter op 6th"]
[Site "Florianopolis"]
[Date "2022.07.16"]
[Round "7"]
[White "Desideri, Ricardo Maruchi"]
[Black "Peroza, Eduardo Antunes"]
[Result "0-1"]
[WhiteElo "1939"]
[BlackElo "2101"]
[PlyCount "62"]
[EventDate "2022.07.13"]
[EventType "swiss"]
[EventRounds "9"]
[EventCountry "BRA"]
[SourceTitle "CBM 209 Extra"]
[Source "ChessBase"]
[SourceDate "2022.09.30"]
[SourceVersion "1"]
[SourceVersionDate "2022.09.30"]
[SourceQuality "1"]

1. e4 c5 2. Nf3 e6 3. d4 cxd4 4. Nxd4 a6 5. Bd3 Qc7 6. f4 b5 7. a3 Bb7 8. Nc3 Bc5 9. Nb3 Ba7 10. Qe2 Ne7 11. Bd2 d5 12. e5 Nbc6 13. g4 b4 14. Na4 bxa3 15. Rxa3 g5 16. Rf1 gxf4 17. Bxf4 Ng6 18. Bg3 Nb4 19. Bxg6 hxg6 20. c3 Nc6 21. Nac5 Bc8 22. Nxa6 Bxa6 23. Rxa6 Qb7 24. Ra3 d4 25. Qa6 Qd7 26. Nxd4 Nxd4 27. cxd4 0-0 28. Qd6 Qb7 29. Raf3 Qxb2 30. Rxf7 Qb1+ 31. Kd2 Qa2+ 0-1

[Event "Timbo op 2nd"]
[Site "Timbo"]
[Date "2022.02.19"]
[Round "4"]
[White "Aranha Filho, Alvaro Zimmermann"]
[Black "Peroza, Eduardo Antunes"]
[Result "1-0"]
[WhiteElo "2220"]
[BlackElo "2009"]
[PlyCount "115"]
[EventDate "2022.02.17"]
[EventType "swiss"]
[EventRounds "7"]
[EventCountry "BRA"]
[SourceTitle "EXT 2023"]
[Source "ChessBase"]
[SourceDate "2022.10.05"]
[SourceVersion "1"]
[SourceVersionDate "2022.10.05"]
[SourceQuality "1"]

1. d4 Nf6 2. c4 e6 3. g3 c5 4. d5 b5 5. Bg2 Bb7 6. e4 bxc4 7. Ne2 d6 8. 0-0 Be7 9. dxe6 fxe6 10. Nf4 Kf7 11. e5 Bxg2 12. exf6 Bxf6 13. Kxg2 Nc6 14. Nc3 d5 15. Qg4 Re8 16. Nh5 Ne5 17. Qe2 g6 18. Nxf6 Qxf6 19. Nb5 Rad8 20. h4 Rd7 21. b3 a6 22. Nc3 Nd3 23. Bd2 Qd4 24. Qf3+ Kg8 25. Ne2 Qg7 26. bxc4 Ne5 27. Qb3 Nxc4 28. Rad1 Qe5 29. Nf4 Qd4 30. f3 Qe5 31. Rfe1 Nxd2 32. Rxe5 Nxb3 33. axb3 Kf7 34. Rde1 Rd6 35. g4 a5 36. Kg3 a4 37. bxa4 c4 38. Ne2 Rc8 39. Nd4 c3 40. Nb5 Rd7 41. Rxe6 c2 42. Nd6+ Rxd6 43. Rxd6 c1Q 44. Rxc1 Rxc1 45. Rxd5 Ke6 46. Rb5 Ra1 47. a5 Ra4 48. h5 Kf7 49. f4 Kg7 50. Rb7+ Kg8 51. hxg6 hxg6 52. Ra7 Kf8 53. a6 Kg8 54. f5 gxf5 55. gxf5 Kf8 56. Ra8+ Kf7 57. a7 Kg7 58. f6+ 1-0

[Event "Timbo op 2nd"]
[Site "Timbo"]
[Date "2022.02.19"]
[Round "5"]
[White "Peroza, Eduardo Antunes"]
[Black "Da Silva Junior, Marco Aurelio"]
[Result "1-0"]
[WhiteElo "2009"]
[BlackElo "1690"]
[PlyCount "37"]
[EventDate "2022.02.17"]
[EventType "swiss"]
[EventRounds "7"]
[EventCountry "BRA"]
[SourceTitle "EXT 2023"]
[Source "ChessBase"]
[SourceDate "2022.10.05"]
[SourceVersion "1"]
[SourceVersionDate "2022.10.05"]
[SourceQuality "1"]

1. e4 d6 2. d4 Nf6 3. Nc3 g6 4. f3 Bg7 5. Be3 0-0 6. Qd2 Nbd7 7. g4 e5 8. h4 exd4 9. Bxd4 Ne5 10. h5 c5 11. Be3 Be6 12. 0-0-0 Bc4 13. f4 Bxf1 14. fxe5 Nxg4 15. Rxf1 Bxe5 16. Nf3 Qb6 17. Nxe5 Nxe5 18. Qd5 Rae8 19. hxg6 1-0

[Event "Florianopolis op 8th"]
[Site "Florianopolis"]
[Date "2022.01.26"]
[Round "4"]
[White "Peroza, Eduardo Antunes"]
[Black "Machado, Gilmar Dias"]
[Result "1-0"]
[WhiteElo "2009"]
[BlackElo "1786"]
[PlyCount "89"]
[EventDate "2022.01.24"]
[EventType "swiss"]
[EventRounds "10"]
[EventCountry "BRA"]
[SourceTitle "CBM 206 Extra"]
[Source "ChessBase"]
[SourceDate "2022.03.31"]
[SourceVersion "1"]
[SourceVersionDate "2022.03.31"]
[SourceQuality "1"]

1. c4 c5 2. Nc3 e6 3. e4 Nc6 4. g3 Nf6 5. Bg2 Be7 6. Nge2 0-0 7. 0-0 a6 8. d4 cxd4 9. Nxd4 Bc5 10. Nb3 Ba7 11. c5 Bb8 12. f4 e5 13. Nd5 d6 14. fxe5 Nxe5 15. Bg5 Ned7 16. Bh3 Ba7 17. Bxd7 Bxd7 18. Rxf6 dxc5 19. Rg6 hxg6 20. Bxd8 Raxd8 21. Kh1 Rfe8 22. Nd2 b5 23. Qf3 Re5 24. Qf4 Bb8 25. Rf1 f5 26. Qg5 Rde8 27. Nf3 Rxe4 28. Nf6+ gxf6 29. Qxg6+ Kf8 30. Qxf6+ Kg8 31. Ng5 R4e7 32. Rd1 Be5 33. Qg6+ Rg7 34. Qb6 Bd4 35. Nf3 Re6 36. Qd8+ Re8 37. Qb6 Re6 38. Qb8+ Re8 39. Qd6 Re6 40. Qd5 Bxb2 41. Re1 Rge7 42. Rxe6 Bxe6 43. Qd8+ Kf7 44. Ng5+ Kf6 45. Nh7+ 1-0

[Event "BRA-ch U20"]
[Site "Concordia"]
[Date "2021.10.02"]
[Round "4"]
[White "Peroza, Eduardo Antunes"]
[Black "Caetano, Ryan Wesley da Cost"]
[Result "1/2-1/2"]
[WhiteElo "1972"]
[BlackElo "2199"]
[PlyCount "40"]
[EventDate "2021.09.30"]
[EventType "swiss"]
[EventRounds "6"]
[EventCountry "BRA"]
[SourceTitle "EXT 2023"]
[Source "ChessBase"]
[SourceDate "2022.10.05"]
[SourceVersion "1"]
[SourceVersionDate "2022.10.05"]
[SourceQuality "1"]

1. e4 c5 2. Nf3 d6 3. d4 cxd4 4. Nxd4 Nf6 5. Nc3 a6 6. h3 e6 7. g4 Be7 8. Bg2 Nfd7 9. 0-0 0-0 10. a4 Nc6 11. Be3 Nde5 12. b3 Nxd4 13. Qxd4 Qc7 14. Qd2 Bd7 15. Rac1 Rac8 16. Ne2 b5 17. axb5 axb5 18. f4 Nc6 19. g5 Rfe8 20. h4 Qa5 1/2-1/2

[Event "BRA-ch U20"]
[Site "Concordia"]
[Date "2021.10.01"]
[Round "3"]
[White "Machado, Luiz Fernando"]
[Black "Peroza, Eduardo Antunes"]
[Result "0-1"]
[WhiteElo "1732"]
[BlackElo "1972"]
[PlyCount "56"]
[EventDate "2021.09.30"]
[EventType "swiss"]
[EventRounds "6"]
[EventCountry "BRA"]
[SourceTitle "EXT 2023"]
[Source "ChessBase"]
[SourceDate "2022.10.05"]
[SourceVersion "1"]
[SourceVersionDate "2022.10.05"]
[SourceQuality "1"]

1. e4 c5 2. Nf3 Nc6 3. d4 cxd4 4. Nxd4 Nf6 5. Nc3 e5 6. Ndb5 d6 7. Nd5 Nxd5 8. exd5 Nb8 9. c4 Be7 10. Be2 0-0 11. 0-0 Nd7 12. f4 a6 13. Nc3 exf4 14. Rxf4 Ne5 15. b3 f5 16. Bb2 Qe8 17. Na4 b5 18. Nb6 Rb8 19. Nxc8 Qxc8 20. cxb5 axb5 21. Rb4 Qc5+ 22. Qd4 Qc2 23. Bxb5 Bf6 24. Qf2 Qxf2+ 25. Kxf2 Ng4+ 26. Kg1 Bxb2 27. Rb1 Ba3 28. Ra4 Bc5+ 0-1

[Event "Florianopolis op 7th"]
[Site "Florianopolis"]
[Date "2021.01.23"]
[Round "9"]
[White "Medeiros, Francisco de Assis"]
[Black "Peroza, Eduardo Antunes"]
[Result "1/2-1/2"]
[WhiteElo "2122"]
[BlackElo "1799"]
[PlyCount "60"]
[EventDate "2021.01.18"]
[EventType "swiss"]
[EventRounds "10"]
[EventCountry "BRA"]
[SourceTitle "CBM 200 Extra"]
[Source "ChessBase"]
[SourceDate "2021.03.31"]
[SourceVersion "1"]
[SourceVersionDate "2021.03.31"]
[SourceQuality "1"]

1. d4 Nf6 2. Nf3 e6 3. Bg5 c5 4. c3 Qb6 5. Qb3 Qxb3 6. axb3 d5 7. e3 Bd7 8. Nbd2 Nc6 9. Bd3 Bd6 10. 0-0 cxd4 11. exd4 h6 12. Bh4 Nh5 13. Bg3 Nf4 14. Bxf4 Bxf4 15. b4 0-0 16. Nb3 b6 17. Ra2 a5 18. Rfa1 a4 19. g3 Bc7 20. b5 Na5 21. Rxa4 Rab8 22. Nbd2 f6 23. c4 dxc4 24. Bxc4 Nxc4 25. Nxc4 Bxb5 26. Ra7 Rfc8 27. Ne3 Bc6 28. d5 Bxd5 29. Nxd5 exd5 30. Nd4 Bd6 1/2-1/2

[Event "Florianopolis op 7th"]
[Site "Florianopolis"]
[Date "2021.01.21"]
[Round "5"]
[White "Lage, Pedro Ferreira"]
[Black "Peroza, Eduardo Antunes"]
[Result "1/2-1/2"]
[WhiteElo "2105"]
[BlackElo "1799"]
[PlyCount "36"]
[EventDate "2021.01.18"]
[EventType "swiss"]
[EventRounds "10"]
[EventCountry "BRA"]
[SourceTitle "CBM 200 Extra"]
[Source "ChessBase"]
[SourceDate "2021.03.31"]
[SourceVersion "1"]
[SourceVersionDate "2021.03.31"]
[SourceQuality "1"]

1. Nf3 c5 2. c4 Nc6 3. d4 cxd4 4. Nxd4 Nf6 5. Nc3 e6 6. g3 Bc5 7. Nb3 Bb4 8. Bg2 d5 9. cxd5 Nxd5 10. Bd2 Nxc3 11. Bxc3 Bxc3+ 12. bxc3 0-0 13. 0-0 Qc7 14. Nd4 Rd8 15. Rb1 e5 16. Nb5 Qe7 17. Qa4 Bf5 18. Rbd1 Qc5 1/2-1/2

[Event "Florianopolis op 7th"]
[Site "Florianopolis"]
[Date "2021.01.19"]
[Round "2"]
[White "Peroza, Eduardo Antunes"]
[Black "Tomiello, Lucas Costamilan"]
[Result "1/2-1/2"]
[WhiteElo "1799"]
[BlackElo "2133"]
[PlyCount "79"]
[EventDate "2021.01.18"]
[EventType "swiss"]
[EventRounds "10"]
[EventCountry "BRA"]
[SourceTitle "CBM 200 Extra"]
[Source "ChessBase"]
[SourceDate "2021.03.31"]
[SourceVersion "1"]
[SourceVersionDate "2021.03.31"]
[SourceQuality "1"]

1. e4 c5 2. Nf3 d6 3. d4 cxd4 4. Nxd4 Nf6 5. Nc3 a6 6. h3 e5 7. Nde2 b5 8. g4 b4 9. Nd5 Nxd5 10. Qxd5 Ra7 11. Be3 Be6 12. Qd2 Rd7 13. Qxb4 d5 14. Qa4 d4 15. Bd2 Qb6 16. b4 Be7 17. Ng3 0-0 18. b5 axb5 19. Qxb5 Qc7 20. Qb1 Nc6 21. Bd3 Rb8 22. Qd1 Nb4 23. 0-0 Nxa2 24. f4 exf4 25. Bxf4 Bd6 26. Qf3 g6 27. Ne2 Nc3 28. Nxc3 dxc3 29. Bxd6 Rxd6 30. Rfb1 Rb2 31. Rf1 Rd8 32. Rf2 Qc5 33. Ra6 Qe5 34. Rc6 Rd6 35. Rxd6 Qxd6 36. Kg2 Qc5 37. Qf6 h5 38. Qd8+ Kh7 39. Qh4 Kh6 40. Qf6 1/2-1/2

[Event "Sao Bento do Sul op 4th"]
[Site "Sao Bento do Sul"]
[Date "2020.11.02"]
[Round "6"]
[White "Silva, Guilherme Henrique"]
[Black "Peroza, Eduardo Antunes"]
[Result "1/2-1/2"]
[WhiteElo "1711"]
[BlackElo "1830"]
[PlyCount "130"]
[EventDate "2020.10.31"]
[EventType "swiss"]
[EventRounds "6"]
[EventCountry "BRA"]
[SourceTitle "EXT 2022"]
[Source "ChessBase"]
[SourceDate "2021.10.06"]
[SourceVersion "1"]
[SourceVersionDate "2021.10.06"]
[SourceQuality "1"]

1. e4 c5 2. Nf3 e6 3. d4 cxd4 4. Nxd4 a6 5. c4 Qc7 6. Nc3 b6 7. Be3 Bb7 8. Be2 Nf6 9. f3 Bd6 10. g3 h5 11. a3 Be7 12. Qd2 0-0 13. 0-0 Nc6 14. Rac1 Ne5 15. Rfd1 Rfd8 16. Bf4 d6 17. b4 Rac8 18. Qe1 Kh8 19. Bxe5 dxe5 20. Nc2 Ne8 21. Rxd8 Rxd8 22. Rd1 Nd6 23. Qf1 Rc8 24. Ne3 Bg5 25. f4 Bf6 26. f5 Nxe4 27. Nxe4 Bxe4 28. fxe6 fxe6 29. Bd3 Bxd3 30. Qxd3 Bg5 31. Qe2 Bxe3+ 32. Qxe3 Qxc4 33. Qxb6 Kh7 34. Qe3 e4 35. Rd4 Qc1+ 36. Qxc1 Rxc1+ 37. Kf2 Rc2+ 38. Ke3 Rc3+ 39. Kxe4 Rxa3 40. Rd6 Ra4 41. Ke5 Rxb4 42. Rxa6 Rb2 43. Rxe6 Rxh2 44. Kf4 h4 45. gxh4 Rxh4+ 46. Kg5 Rb4 47. Re5 Rb2 48. Re4 Rb5+ 49. Kg4 Kh6 50. Ra4 g6 51. Rf4 Rb1 52. Rf8 Rg1+ 53. Kh4 g5+ 54. Kh3 Kg7 55. Ra8 Kh7 56. Ra7+ Kg6 57. Ra8 Rh1+ 58. Kg3 Rh7 59. Rg8+ Rg7 60. Rxg7+ Kxg7 61. Kg4 Kf6 62. Kg3 Kf5 63. Kf3 g4+ 64. Kg3 Kg5 65. Kg2 Kf4 1/2-1/2

[Event "Sao Bento do Sul op 4th"]
[Site "Sao Bento do Sul"]
[Date "2020.11.01"]
[Round "5"]
[White "De Carvalho, Carlos Augusto Beck"]
[Black "Peroza, Eduardo Antunes"]
[Result "0-1"]
[WhiteElo "1491"]
[BlackElo "1830"]
[PlyCount "84"]
[EventDate "2020.10.31"]
[EventType "swiss"]
[EventRounds "6"]
[EventCountry "BRA"]
[SourceTitle "EXT 2022"]
[Source "ChessBase"]
[SourceDate "2021.10.06"]
[SourceVersion "1"]
[SourceVersionDate "2021.10.06"]
[SourceQuality "1"]

1. e4 c5 2. Nf3 e6 3. d4 cxd4 4. Nxd4 a6 5. Nc3 Qc7 6. a3 b5 7. Be2 Nf6 8. 0-0 Bb7 9. f3 Bd6 10. h3 Bc5 11. Kh1 Nh5 12. Re1 Ng3+ 13. Kg1 e5 14. Be3 exd4 15. Bxd4 Nxe2+ 16. Rxe2 0-0 17. Rd2 Rd8 18. Nd5 Bxd5 19. exd5 d6 20. Qe2 Nd7 21. Kh1 Re8 22. Qf2 Bxd4 23. Rxd4 Re7 24. a4 Rb8 25. Qh4 Nf6 26. c4 bxc4 27. Rxc4 Qa5 28. Rac1 Qxd5 29. b4 h6 30. Rc6 Reb7 31. R1c4 Qd1+ 32. Kh2 Qxa4 33. Rc8+ Rxc8 34. Rxc8+ Kh7 35. Qf4 Qd7 36. Qc4 Qf5 37. Ra8 Re7 38. Rxa6 Re1 39. Ra5 Qb1 40. Qxf7 Rh1+ 41. Kg3 Qe1+ 42. Kf4 Qxb4+ 0-1